Bandeiras antigas dos estados brasileiros - Statistics

Estatísticas Gerais
  • Esse quiz foi jogado 48 vezes
  • A pontuação média é 11 de 27
Estatísticas das Respostas
Imagem Resposta % Correto
Mato Grosso do Sul
92%
Minas Gerais
84%
Mato Grosso
76%
Pará
73%
Rondônia
73%
Goiás
70%
Acre
68%
Pernambuco
59%
Distrito Federal
49%
Sergipe
41%
Amapá
38%
Rio de Janeiro
35%
Paraíba
32%
Tocantins
32%
Rio Grande do Norte
30%
Roraima
24%
Amazonas
22%
Maranhão
22%
Rio Grande do Sul
22%
Alagoas
19%
Bahia
19%
Ceará
19%
Santa Catarina
19%
Espírito Santo
16%
Piauí
16%
São Paulo
16%
Paraná
14%
Nenhum quiz correspondente encontrado
Distribuição das Pontuações
Porcentagem de Pessoas com Cada Pontuação
Percentil de Números Respondidos
Sua Pontuação Histórica
Você não jogou esse quiz